| 000 | 01009nam a2200313 i 4500 | ||
|---|---|---|---|
| 001 | bg | ||
| 100 | 1 | _aWIĘCKIEWICZ, Wojciech | |
| 245 | 1 | 0 |
_aGeometria i obliczenia hydrostatyczne kadłuba statku / _cWojciech Więckiewicz, Sławomir Kucharski. |
| 250 | _aWyd. 2 popr. | ||
| 260 |
_aGdynia : _bWyższa Szkoła Morska, _c1999. |
||
| 300 |
_a77 s., [8] k. tabl. złoż. : _brys., wykr. ; _c21 cm. |
||
| 490 | 1 | _aBudowa i Teoria Okrętu : wykłady i ćwiczenia | |
| 504 | _aBibliogr. s. 75. | ||
| 650 | 9 | _aBudownictwo okrętowe | |
| 650 | 9 |
_aGeometria _xzagadnienia |
|
| 650 | 9 |
_aModele matematyczne _xstosowanie _xmechanika |
|
| 650 | 9 |
_aStatki _xmechanika |
|
| 650 | 9 | _aHydrostatyka | |
| 655 | _aPodręczniki akademickie | ||
| 700 | 1 | _aKUCHARSKI, Sławomir | |
| 830 | 0 | _aBudowa i Teoria Okrętu | |
| 020 | _a8386703180 | ||
| 040 | _cBPK | ||
| 041 | 0 | _apl | |
| 080 | _a629.5.001:531.2:514.7](075.8) | ||
| 920 | _a83-86703-18-0 | ||
| 942 | _cKS | ||
| 008 | s pl f |000 0 pol | ||
| 999 |
_c39213 _d39213 |
||
| 856 |
_uhttp://koha.tu.koszalin.pl/cgi-bin/koha/opac-detail.pl?biblionumber=39213 _yKatalog online BPK |
||